<?xml version="1.0" encoding="UTF-8"?><?xml-stylesheet type="text/xsl" href="static/style.xsl"?><OAI-PMH xmlns="http://www.openarchives.org/OAI/2.0/" xmlns:xsi="http://www.w3.org/2001/XMLSchema-instance" xsi:schemaLocation="http://www.openarchives.org/OAI/2.0/ http://www.openarchives.org/OAI/2.0/OAI-PMH.xsd"><responseDate>2026-06-29T01:40:07Z</responseDate><request verb="GetRecord" identifier="oai:docta.ucm.es:20.500.14352/57809" metadataPrefix="marc">https://docta.ucm.es/rest/oai/request</request><GetRecord><record><header><identifier>oai:docta.ucm.es:20.500.14352/57809</identifier><datestamp>2023-07-18T02:53:48Z</datestamp><setSpec>com_20.500.14352_14</setSpec><setSpec>col_20.500.14352_15</setSpec></header><metadata><record xmlns="http://www.loc.gov/MARC21/slim" xmlns:dcterms="http://purl.org/dc/terms/" xmlns:xsi="http://www.w3.org/2001/XMLSchema-instance" xmlns:doc="http://www.lyncode.com/xoai" xsi:schemaLocation="http://www.loc.gov/MARC21/slim http://www.loc.gov/standards/marcxml/schema/MARC21slim.xsd">
   <leader>00925njm 22002777a 4500</leader>
   <datafield ind2=" " ind1=" " tag="042">
      <subfield code="a">dc</subfield>
   </datafield>
   <datafield ind2=" " ind1=" " tag="720">
      <subfield code="a">Arche, Alfredo</subfield>
      <subfield code="e">author</subfield>
   </datafield>
   <datafield ind2=" " ind1=" " tag="720">
      <subfield code="a">Vilas Martín, Federico</subfield>
      <subfield code="e">author</subfield>
   </datafield>
   <datafield ind2=" " ind1=" " tag="260">
      <subfield code="c">2001</subfield>
   </datafield>
   <datafield ind2=" " ind1=" " tag="520">
      <subfield code="a">La Bahía de San Sebastián, Argentina, es un gran entrante costero en la costa
atlántica macromareal de la Isla de Tierra del Fuego. Actualmente hay sedimentación
costera activa en llanuras intermareales y playas de gravas.
Los violentos vientos del oeste, que alcanzan los 155 km/h, reelaboran la parte
superior de los sedimentos intermareales, desprenden agregados de arcillas y limos
de tamaño arena gruesa y las acumulan en capas de depósitos eólicos con estratificación
cruzada de surco y niveles de raíces. El agua de lluvia percola a través de
estos depósitos, disgrega los gránulos y borra casi totalmente las estructuras internas
originales de los sedimentos eólicos.
[ABSTRACT]
San Sebastian Bay, Argentina, is a large coastal embayment in the macrotidal
Atlantic coast of Tierra del Fuego Island. Active sedimentation takes place in wide intertidal flats and gravel beaches. Strong westerly winds, up to 158 km/h, rework
the top of the intertidal sediments separating sand-sized mud pellets that accumulate
in sheets of eolian deposits with characteristic trough cross-bedding and
rootlet levels. Rainwater percolating though the sediments dissagregate the mud
pellets, almost obliterating the primary internal structures of the eolian sediments.</subfield>
   </datafield>
   <datafield ind1="8" ind2=" " tag="024">
      <subfield code="a">1698-6180</subfield>
   </datafield>
   <datafield ind1="8" ind2=" " tag="024">
      <subfield code="a">https://hdl.handle.net/20.500.14352/57809</subfield>
   </datafield>
   <datafield ind2="0" ind1="0" tag="245">
      <subfield code="a">Sedimentos eólicos de grano fino en la Bahía
de San Sebastian, Tierra del Fuego, Argentina</subfield>
   </datafield>
</record></metadata></record></GetRecord></OAI-PMH>